| 000 | 01533cam a22003974a 4500 | ||
|---|---|---|---|
| 999 |
_c232426 _d232426 |
||
| 001 | 14145855 | ||
| 003 | ASAB | ||
| 005 | 20170216105210.0 | ||
| 008 | 051019s2006 paua b 001 0 eng | ||
| 010 | _a 2005056314 | ||
| 015 |
_aGBA599039 _2bnb |
||
| 016 | 7 |
_a101260029 _2DNLM |
|
| 016 | 7 |
_a013343069 _2Uk |
|
| 020 | _a9781416024163 | ||
| 020 | _a1416024166 | ||
| 035 | _a(OCoLC)ocm62167704 | ||
| 040 |
_aDNLM/DLC _cASAB _dNLM _dUKM _dBAKER _dC#P _dDLC |
||
| 042 | _apcc | ||
| 050 | 0 | 0 |
_aRC582 _b.G67 2006 |
| 060 | 0 | 0 | _a2006 F-574 |
| 060 | 1 | 0 |
_aWD 300 _bG661p 2006 |
| 082 | 0 | 0 |
_a616.07/9 _222 |
| 100 | 1 | _aGorczynski, Reginald M. | |
| 245 | 1 | 0 |
_aProblem-based immunology / _cReginald Gorczynski, Jacqueline Stanley. |
| 260 |
_aPhiladelphia : _bSaunders Elsevier, _cc2006. |
||
| 300 |
_axii, 255 p. : _bill. (chiefly col.) ; _c26 cm. |
||
| 504 | _aIncludes bibliographical references and index. | ||
| 650 | 0 |
_aClinical immunology _vCase studies. |
|
| 650 | 1 | 2 |
_aImmune System Diseases _vCase Reports. |
| 650 | 2 | 2 |
_aImmunization _vCase Reports. |
| 650 | 2 | 2 |
_aNeoplasms _ximmunology _vCase Reports. |
| 650 | 2 | 2 |
_aPsychoneuroimmunology _xmethods _vCase Reports. |
| 650 | 2 | 2 |
_aTransplantation Immunology _vCase Reports. |
| 700 | 1 | _aStanley, Jacqueline. | |
| 906 |
_a7 _bcbc _corignew _d1 _eocip _f20 _gy-gencatlg |
||
| 942 |
_2ddc _cBK |
||